000 00669nam a22002297a 4500
003 UA-OsUOA
001 55288
007 ta
008 20080908b un ||||| |||| 00| 0 ukr d
090 _a81.161.2+81.111
_bН34
942 _cBK
040 _aUA-OsUOA
_bukr
_cUA-OsUOA
_dUA-OsUOA
245 _aНаукові записки
_bСерія філологічна
300 _a144 с.
955 _a2
041 _aukr
080 _a81.161.2+81.111
020 _a966-7631-52-4
260 _aОстрог
_bНаУОА
_c2001
650 7 _a8 Мовознавство. Художня література. Літературознавство
_2UDC
999 _c341369
_d341369